000 00321nam a2200145Ia 4500
100 _aStroustrup/ Bjarne
942 _cBK
654 _aComputer
245 _aThe Design of Evolution of C++
260 _bAddison Wesley Pub
_aReading
_c1994
082 _a5.133
_bSTR
300 _a461
546 _aENGLISH
999 _c21334
_d21334